| 000 | 00626nam a2200193 a 4500 | ||
|---|---|---|---|
| 001 | 437 | ||
| 003 | CDMR | ||
| 005 | 20131016174928.0 | ||
| 008 | 130130s1994||||||||||||||||||||||||||||d | ||
| 020 | _a8487657656 | ||
| 040 |
_aCDMR _bcat _cCDMR |
||
| 100 | 1 |
_aSquires, James _9310 |
|
| 245 | 1 | 2 |
_a¡ Chantaje a la prensa ! _b: la comunicación en manos de las grandes multinacionales _cJames D. Squires |
| 260 |
_aBarcelona _c1994 _bPrensa Ibérica |
||
| 300 |
_a189 p ; _c21 cm |
||
| 650 | 0 | 4 |
_9311 _aEmpreses periodístiques _zEstats Units |
| 650 | 0 | 4 |
_93267 _aMitjans de comunicació de massa _zEstats Units d'Amèrica |
| 942 |
_cMON _2ddc |
||
| 999 |
_c437 _d437 |
||